00588 2200229 4500001002100000005001700021008004100038035002400079082001200103090001900115100001600134245004100150250001100191260003700202300002800239650002800267700001500295850001200310980001500322985000600337999001500343YOGYA-0209000006938820090227093222.0 ind  0010-020900000069388 a439.318 a439.318bBra G aBRANDS, G.A aGouden arencG.A. Bronds, R.W. Lieve aCet. 1 aGoudabG.B. Van Goor Zonenc1926 av, 347 hlmbilusc21 cm aBahasa Belanda - Ejakan aLieve, R.W aYOPDYOG a27-03-2008 a1 aa000046933